Para vivir en la luz, la verdad y la belleza : un encuentro con haroldo conti. propuestas para trabajar en el aula. 4 /

Guardado en:
Autor Principal: López, Claudia
Otros Autores: Vannucchi, Edgardo; coord.
Formato: Libro
Publicado: Buenos Aires : Ministerio de Justicia y Derechos Humanos de la Nación, 2012
Series:Recursos para el aula / Edgardo Vannucchi; 4
Materias:
Etiquetas: Agregar Etiqueta
Sin Etiquetas, Sea el primero en etiquetar este registro!
LEADER 00799nam a22002175a 4500
001 CEM.cems013886
005 20130506181023.0
008 130507s2012##################000#0#####d
003 CEMS
020 |a 9789871407354 
082 0 4 |a F364.15 
100 1 |a López, Claudia 
245 1 0 |a Para vivir en la luz, la verdad y la belleza :  |b un encuentro con haroldo conti. propuestas para trabajar en el aula. 4 /  |c Claudia López ; coord. Por Edgardo Vannucchi 
260 |a Buenos Aires :  |b Ministerio de Justicia y Derechos Humanos de la Nación,  |c 2012 
300 |a 64 p. 
490 0 |a Recursos para el aula / Edgardo Vannucchi; 4 
653 |a Memoria 
653 |a Derechos humanos 
653 |a Dictadura 
700 1 |a Vannucchi, Edgardo; coord. 
859 |a CEMS  |b BIB. CEMS - 11 de abril  |h F364.15  |i 5  |p 2781.44  |t Ej.1